[Event "FIDE World Uni Blitz-D 1st"]
[Site "Tornelo INT"]
[Date "2021.03.13"]
[Round "4.35"]
[White "Frenkel, Benjamin"]
[Black "Tsybikov, Bato"]
[Result "1-0"]
[WhiteElo "2129"]
[BlackElo "1819"]
[PlyCount "117"]
[EventDate "2021.03.13"]
[EventType "swiss (blitz)"]
[EventRounds "10"]
[EventCountry "NET"]
[SourceTitle "EXT 2022"]
[Source "ChessBase"]
[SourceDate "2021.10.06"]
[SourceVersion "1"]
[SourceVersionDate "2021.10.06"]
[SourceQuality "1"]

1. d4 Nf6 2. c4 e6 3. g3 d5 4. Bg2 c6 5. Nf3 dxc4 6. Ne5 Nbd7 7. Nxc4 Be7 8. Nc3 0-0 9. 0-0 Nb6 10. Ne5 Nbd5 11. e4 Nxc3 12. bxc3 Bd6 13. Nc4 Bc7 14. Bg5 h6 15. Be3 b5 16. Nd2 Ba6 17. a4 bxa4 18. c4 e5 19. d5 cxd5 20. exd5 Bb6 21. Bxb6 Qxb6 22. Qxa4 Bc8 23. Rfb1 Qd4 24. Nf3 Qg4 25. Nxe5 Qh5 26. Nc6 Bh3 27. Bxh3 Qxh3 28. Nd4 Qg4 29. Rd1 Rfe8 30. Qb3 Nh5 31. Qf3 Qg6 32. Nf5 Nf6 33. Re1 Ng4 34. d6 Qh5 35. h4 g6 36. Qxg4 Qxg4 37. Nxh6+ Kg7 38. Nxg4 Red8 39. c5 Rac8 40. Rac1 Rc6 41. Ne5 Rcc8 42. d7 Rc7 43. c6 f6 44. Nd3 Rcxd7 45. cxd7 Rxd7 46. Nc5 Rf7 47. Ne6+ Kh7 48. Rc8 g5 49. hxg5 Kg6 50. gxf6 Kf5 51. Nd4+ Kxf6 52. Rg8 Rb7 53. Re6+ Kf7 54. Reg6 Rb1+ 55. Kg2 a5 56. R8g7+ Kf8 57. Ne6+ Ke8 58. Ra7 Re1 59. Rg8# 1-0

[Event "FIDE World Uni Blitz-D 1st"]
[Site "Tornelo INT"]
[Date "2021.03.13"]
[Round "8.20"]
[White "Sucikova, Svetlana"]
[Black "Tsybikov, Bato"]
[Result "1-0"]
[WhiteElo "2131"]
[BlackElo "1819"]
[PlyCount "109"]
[EventDate "2021.03.13"]
[EventType "swiss (blitz)"]
[EventRounds "10"]
[EventCountry "NET"]
[SourceTitle "EXT 2022"]
[Source "ChessBase"]
[SourceDate "2021.10.06"]
[SourceVersion "1"]
[SourceVersionDate "2021.10.06"]
[SourceQuality "1"]

1. Nf3 c5 2. c4 Nf6 3. Nc3 e6 4. g3 Nc6 5. Bg2 d5 6. cxd5 exd5 7. d4 cxd4 8. Nxd4 Bc5 9. Nb3 Bb4 10. 0-0 Be6 11. Bg5 Bxc3 12. bxc3 h6 13. Bxf6 Qxf6 14. Bxd5 Rd8 15. Bxc6+ bxc6 16. Qc2 0-0 17. Rad1 Bf5 18. Qc1 Qe6 19. Nd4 Qf6 20. Qf4 Bh3 21. Qxf6 gxf6 22. Rfe1 c5 23. Nc6 Rc8 24. Ne7+ Kg7 25. Nxc8 Rxc8 26. f3 Be6 27. Rd2 Rb8 28. Kf2 f5 29. e4 fxe4 30. Rxe4 Rb5 31. Ra4 Rb7 32. Ra5 c4 33. g4 Kf6 34. h3 Rb1 35. Rxa7 Rc1 36. Ra3 Rh1 37. Kg2 Rc1 38. f4 h5 39. f5 Bd5+ 40. Rxd5 Rc2+ 41. Kg3 Kg5 42. f6+ Kg6 43. Rxh5 Kxf6 44. Rc5 Kg6 45. Rxc4 f6 46. Ra6 Rd2 47. Rcc6 Rd3+ 48. Kh4 Rd8 49. Rxf6+ Kh7 50. g5 Rc8 51. Ra7+ Kg8 52. Kh5 Rxc3 53. Kg6 Rc8 54. Rfa6 Kf8 55. Ra8 1-0

[Event "Novokuznetsk SFO-ch U17"]
[Site "Novokuznetsk"]
[Date "2014.11.04"]
[Round "3"]
[White "Zhuravel, Aleksandr1111"]
[Black "Tsybikov, Bato"]
[Result "1/2-1/2"]
[WhiteElo "1818"]
[BlackElo "800"]
[PlyCount "162"]
[EventDate "2014.11.02"]
[EventType "swiss"]
[EventRounds "9"]
[EventCountry "RUS"]
[SourceTitle "CBM 163 Extra"]
[Source "ChessBase"]
[SourceDate "2014.12.23"]
[SourceVersion "1"]
[SourceVersionDate "2014.12.23"]
[SourceQuality "1"]

1. e4 e5 2. Nf3 Nc6 3. d4 exd4 4. Nxd4 Bc5 5. Nxc6 bxc6 6. Bd3 Ne7 7. 0-0 d6 8. Nc3 Ng6 9. Qe2 Ne5 10. Be3 Bb6 11. f3 0-0 12. Rfe1 a5 13. Na4 Bxe3+ 14. Qxe3 Nxd3 15. cxd3 Bd7 16. Nc3 Rb8 17. b3 Re8 18. Qd2 c5 19. Rad1 Bc6 20. d4 cxd4 21. Qxd4 Rb4 22. Qa7 a4 23. bxa4 Rc4 24. Nb5 Qd7 25. Rb1 h6 26. Rec1 Rxc1+ 27. Rxc1 Ra8 28. Qxc7 Bxb5 29. axb5 Qxb5 30. Qxd6 Qb2 31. Re1 Rxa2 32. Qg3 Qd4+ 33. Kh1 Qc3 34. h4 Qd2 35. Rb1 Ra6 36. Qh3 Ra5 37. Qg3 Ra6 38. h5 Ra5 39. e5 Qe3 40. Re1 Qd4 41. Kh2 Qd8 42. Re4 Qe7 43. f4 Ra3 44. Qg4 Ra5 45. Rc4 Rd5 46. Rc8+ Rd8 47. Rxd8+ Qxd8 48. Kh3 Qd3+ 49. Kh2 Qe4 50. Qg3 Qf5 51. Qf3 Qc2 52. Qe3 Qf5 53. Qf3 Qc2 54. Kh3 Qb2 55. Qe4 Qf2 56. f5 Qd2 57. e6 fxe6 58. Qxe6+ Kh8 59. Qe8+ Kh7 60. Qg6+ Kh8 61. Qg3 Qe2 62. Qg4 Qf1 63. Kg3 Qe1+ 64. Kh2 Qe5+ 65. Kh3 Qe3+ 66. Qg3 Qe4 67. Qf2 Qe8 68. Qf3 Qe1 69. Kg4 Qe7 70. Kh3 Qe1 71. g3 Qg1 72. f6 gxf6 73. Qxf6+ Kg8 74. Qg6+ Kf8 75. Qxh6+ Ke7 76. Qg7+ Ke6 77. Qg6+ Ke5 78. Kh4 Qh2+ 79. Kg4 Qe2+ 80. Kg5 Qd2+ 81. Kh4 Qh2+ 1/2-1/2